<?xml version="1.0" encoding="UTF-8"?>
<record
    xmlns:xsi="http://www.w3.org/2001/XMLSchema-instance"
    xsi:schemaLocation="http://www.loc.gov/MARC21/slim http://www.loc.gov/standards/marcxml/schema/MARC21slim.xsd"
    xmlns="http://www.loc.gov/MARC21/slim">

  <leader>04161nam a2200325   4500</leader>
  <controlfield tag="003">NALT</controlfield>
  <controlfield tag="005">20260127093702.0</controlfield>
  <controlfield tag="008">260126b        th ||||| |||| 00| 0 tha d</controlfield>
  <datafield tag="020" ind1=" " ind2=" ">
    <subfield code="a">9786161817558</subfield>
  </datafield>
  <datafield tag="040" ind1=" " ind2=" ">
    <subfield code="a">NALT</subfield>
  </datafield>
  <datafield tag="050" ind1=" " ind2=" ">
    <subfield code="a">DS 570.3</subfield>
    <subfield code="b">&#xE01;411&#xE08; 2568</subfield>
  </datafield>
  <datafield tag="100" ind1="0" ind2=" ">
    <subfield code="a">&#xE01;&#xE31;&#xE25;&#xE22;&#xE32;&#xE13;&#xE34;&#xE27;&#xE31;&#xE12;&#xE19;&#xE32; &#xE01;&#xE23;&#xE21;&#xE2B;&#xE25;&#xE27;&#xE07;&#xE19;&#xE23;&#xE32;&#xE18;&#xE34;&#xE27;&#xE32;&#xE2A;&#xE23;&#xE32;&#xE0A;&#xE19;&#xE04;&#xE23;&#xE34;&#xE19;&#xE17;&#xE23;&#xE4C;, </subfield>
    <subfield code="c">&#xE2A;&#xE21;&#xE40;&#xE14;&#xE47;&#xE08;&#xE1E;&#xE23;&#xE30;&#xE40;&#xE08;&#xE49;&#xE32;&#xE1E;&#xE35;&#xE48;&#xE19;&#xE32;&#xE07;&#xE40;&#xE18;&#xE2D; &#xE40;&#xE08;&#xE49;&#xE32;&#xE1F;&#xE49;&#xE32;</subfield>
    <subfield code="9">6253</subfield>
  </datafield>
  <datafield tag="245" ind1="1" ind2="0">
    <subfield code="a">&#xE40;&#xE08;&#xE49;&#xE32;&#xE19;&#xE32;&#xE22;&#xE40;&#xE25;&#xE47;&#xE01; &#xE46; - &#xE22;&#xE38;&#xE27;&#xE01;&#xE29;&#xE31;&#xE15;&#xE23;&#xE34;&#xE22;&#xE4C; /</subfield>
    <subfield code="c">&#xE1E;&#xE23;&#xE30;&#xE23;&#xE32;&#xE0A;&#xE19;&#xE34;&#xE1E;&#xE19;&#xE18;&#xE4C;&#xE43;&#xE19;&#xE2A;&#xE21;&#xE40;&#xE14;&#xE47;&#xE08;&#xE1E;&#xE23;&#xE30;&#xE40;&#xE08;&#xE49;&#xE32;&#xE1E;&#xE35;&#xE48;&#xE19;&#xE32;&#xE07;&#xE40;&#xE18;&#xE2D; &#xE40;&#xE08;&#xE49;&#xE32;&#xE1F;&#xE49;&#xE32;&#xE01;&#xE31;&#xE25;&#xE22;&#xE32;&#xE13;&#xE34;&#xE27;&#xE31;&#xE12;&#xE19;&#xE32; &#xE01;&#xE23;&#xE21;&#xE2B;&#xE25;&#xE27;&#xE07;&#xE19;&#xE23;&#xE32;&#xE18;&#xE34;&#xE27;&#xE32;&#xE2A;&#xE23;&#xE32;&#xE0A;&#xE19;&#xE04;&#xE23;&#xE34;&#xE19;&#xE17;&#xE23;&#xE4C;.</subfield>
  </datafield>
  <datafield tag="246" ind1="1" ind2="8">
    <subfield code="a">&#xE40;&#xE08;&#xE49;&#xE32;&#xE19;&#xE32;&#xE22;&#xE40;&#xE25;&#xE47;&#xE01; &#xE46; - &#xE22;&#xE38;&#xE27;&#xE01;&#xE29;&#xE31;&#xE15;&#xE23;&#xE34;&#xE22;&#xE4C; &#xE01;&#xE31;&#xE25;&#xE22;&#xE32;&#xE13;&#xE34;&#xE27;&#xE31;&#xE12;&#xE19;&#xE32; : </subfield>
    <subfield code="b">&#xE1E;&#xE23;&#xE30;&#xE23;&#xE32;&#xE0A;&#xE1B;&#xE23;&#xE30;&#xE27;&#xE31;&#xE15;&#xE34;&#xE1E;&#xE23;&#xE30;&#xE1A;&#xE32;&#xE17;&#xE2A;&#xE21;&#xE40;&#xE14;&#xE47;&#xE08;&#xE1E;&#xE23;&#xE30;&#xE40;&#xE08;&#xE49;&#xE32;&#xE2D;&#xE22;&#xE39;&#xE48;&#xE2B;&#xE31;&#xE27;&#xE2D;&#xE32;&#xE19;&#xE31;&#xE19;&#xE17;&#xE21;&#xE2B;&#xE34;&#xE14;&#xE25; &#xE41;&#xE25;&#xE30;&#xE1E;&#xE23;&#xE30;&#xE1A;&#xE32;&#xE17;&#xE2A;&#xE21;&#xE40;&#xE14;&#xE47;&#xE08;&#xE1E;&#xE23;&#xE30;&#xE40;&#xE08;&#xE49;&#xE32;&#xE2D;&#xE22;&#xE39;&#xE48;&#xE2B;&#xE31;&#xE27;&#xE20;&#xE39;&#xE21;&#xE34;&#xE1E;&#xE25;&#xE2D;&#xE14;&#xE38;&#xE25;&#xE22;&#xE40;&#xE14;&#xE0A; &#xE40;&#xE21;&#xE37;&#xE48;&#xE2D;&#xE17;&#xE23;&#xE07;&#xE1E;&#xE23;&#xE30;&#xE40;&#xE22;&#xE32;&#xE27;&#xE4C; 2468-2489.</subfield>
  </datafield>
  <datafield tag="260" ind1=" " ind2=" ">
    <subfield code="a">&#xE01;&#xE23;&#xE38;&#xE07;&#xE40;&#xE17;&#xE1E;&#xE2F; : </subfield>
    <subfield code="b">&#xE2A;&#xE33;&#xE19;&#xE31;&#xE01;&#xE07;&#xE32;&#xE19;&#xE40;&#xE2A;&#xE23;&#xE34;&#xE21;&#xE2A;&#xE23;&#xE49;&#xE32;&#xE07;&#xE40;&#xE2D;&#xE01;&#xE25;&#xE31;&#xE01;&#xE29;&#xE13;&#xE4C;&#xE02;&#xE2D;&#xE07;&#xE0A;&#xE32;&#xE15;&#xE34; &#xE2A;&#xE33;&#xE19;&#xE31;&#xE01;&#xE07;&#xE32;&#xE19;&#xE1B;&#xE25;&#xE31;&#xE14;&#xE2A;&#xE33;&#xE19;&#xE31;&#xE01;&#xE19;&#xE32;&#xE22;&#xE01;&#xE23;&#xE31;&#xE10;&#xE21;&#xE19;&#xE15;&#xE23;&#xE35;,</subfield>
    <subfield code="c">2568.</subfield>
  </datafield>
  <datafield tag="300" ind1=" " ind2=" ">
    <subfield code="a">290 &#xE2B;&#xE19;&#xE49;&#xE32; :</subfield>
    <subfield code="b">&#xE20;&#xE32;&#xE1E;&#xE1B;&#xE23;&#xE30;&#xE01;&#xE2D;&#xE1A; ;</subfield>
    <subfield code="c">26 &#xE0B;&#xE21;.</subfield>
  </datafield>
  <datafield tag="500" ind1=" " ind2=" ">
    <subfield code="a">&#xE1E;&#xE23;&#xE30;&#xE23;&#xE32;&#xE0A;&#xE17;&#xE32;&#xE19;&#xE1E;&#xE23;&#xE30;&#xE1A;&#xE23;&#xE21;&#xE23;&#xE32;&#xE0A;&#xE32;&#xE19;&#xE38;&#xE0D;&#xE32;&#xE15; &#xE43;&#xE2B;&#xE49;&#xE1E;&#xE34;&#xE21;&#xE1E;&#xE4C;&#xE2A;&#xE33;&#xE2B;&#xE23;&#xE31;&#xE1A;&#xE40;&#xE1B;&#xE47;&#xE19;&#xE2B;&#xE19;&#xE31;&#xE07;&#xE2A;&#xE37;&#xE2D;&#xE17;&#xE35;&#xE48;&#xE23;&#xE30;&#xE25;&#xE36;&#xE01;&#xE07;&#xE32;&#xE19;&#xE40;&#xE09;&#xE25;&#xE34;&#xE21;&#xE1E;&#xE23;&#xE30;&#xE40;&#xE01;&#xE35;&#xE22;&#xE23;&#xE15;&#xE34;&#xE1E;&#xE23;&#xE30;&#xE1A;&#xE32;&#xE17;&#xE2A;&#xE21;&#xE40;&#xE14;&#xE47;&#xE08;&#xE1E;&#xE23;&#xE30;&#xE1B;&#xE23;&#xE40;&#xE21;&#xE19;&#xE17;&#xE23;&#xE21;&#xE2B;&#xE32;&#xE2D;&#xE32;&#xE19;&#xE31;&#xE19;&#xE17;&#xE21;&#xE2B;&#xE34;&#xE14;&#xE25; &#xE1E;&#xE23;&#xE30;&#xE2D;&#xE31;&#xE10;&#xE21;&#xE23;&#xE32;&#xE21;&#xE32;&#xE18;&#xE34;&#xE1A;&#xE14;&#xE34;&#xE19;&#xE17;&#xE23; &#xE40;&#xE19;&#xE37;&#xE48;&#xE2D;&#xE07;&#xE43;&#xE19;&#xE42;&#xE2D;&#xE01;&#xE32;&#xE2A;&#xE27;&#xE31;&#xE19;&#xE04;&#xE25;&#xE49;&#xE32;&#xE22;&#xE27;&#xE31;&#xE19;&#xE1E;&#xE23;&#xE30;&#xE1A;&#xE23;&#xE21;&#xE23;&#xE32;&#xE0A;&#xE2A;&#xE21;&#xE20;&#xE1E;&#xE04;&#xE23;&#xE1A; 100 &#xE1B;&#xE35; 20 &#xE01;&#xE31;&#xE19;&#xE22;&#xE32;&#xE22;&#xE19; 2568.</subfield>
  </datafield>
  <datafield tag="505" ind1="2" ind2=" ">
    <subfield code="a">&#xE41;&#xE1C;&#xE19;&#xE1C;&#xE31;&#xE07;&#xE1E;&#xE23;&#xE30;&#xE1A;&#xE23;&#xE21;&#xE23;&#xE32;&#xE0A;&#xE08;&#xE31;&#xE01;&#xE23;&#xE35;&#xE27;&#xE07;&#xE28;&#xE4C; -- &#xE1A;&#xE17;&#xE19;&#xE33; -- &#xE02;&#xE22;&#xE32;&#xE22;&#xE04;&#xE27;&#xE32;&#xE21;&#xE1E;&#xE23;&#xE30;&#xE19;&#xE32;&#xE21;&#xE22;&#xE48;&#xE2D;&#xE17;&#xE35;&#xE48;&#xE43;&#xE0A;&#xE49;&#xE43;&#xE19;&#xE2B;&#xE19;&#xE31;&#xE07;&#xE2A;&#xE37;&#xE2D; -- &#xE40;&#xE08;&#xE49;&#xE32;&#xE19;&#xE32;&#xE22;&#xE40;&#xE25;&#xE47;&#xE01; &#xE46; -- &#xE44;&#xE2E;&#xE40;&#xE14;&#xE25;&#xE40;&#xE1A;&#xE2D;&#xE23;&#xE4C;&#xE01; 2468 -- &#xE1B;&#xE32;&#xE23;&#xE35;&#xE2A;-&#xE42;&#xE25;&#xE0B;&#xE32;&#xE19;&#xE19;&#xE4C; 2469 -- &#xE2A;&#xE2B;&#xE23;&#xE31;&#xE10;&#xE2D;&#xE40;&#xE21;&#xE23;&#xE34;&#xE01;&#xE32; 2469-2471 -- &#xE25;&#xE2D;&#xE19;&#xE14;&#xE2D;&#xE19;-&#xE42;&#xE25;&#xE0B;&#xE32;&#xE19;&#xE19;&#xE4C;-&#xE01;&#xE25;&#xE31;&#xE1A;&#xE40;&#xE21;&#xE37;&#xE2D;&#xE07;&#xE44;&#xE17;&#xE22; 2471 -- &#xE01;&#xE23;&#xE38;&#xE07;&#xE40;&#xE17;&#xE1E;&#xE2F; 2471-2476 -- &#xE40;&#xE14;&#xE34;&#xE19;&#xE17;&#xE32;&#xE07;&#xE44;&#xE1B;&#xE42;&#xE25;&#xE0B;&#xE32;&#xE19;&#xE19;&#xE4C; 2476 -- &#xE2A;&#xE2D;&#xE07;&#xE1B;&#xE35;&#xE41;&#xE23;&#xE01;&#xE17;&#xE35;&#xE48;&#xE42;&#xE25;&#xE0B;&#xE32;&#xE19;&#xE19;&#xE4C; 2476-2478 -- &#xE08;&#xE32;&#xE01;&#xE40;&#xE08;&#xE49;&#xE32;&#xE2B;&#xE19;&#xE32;&#xE22;&#xE40;&#xE25;&#xE47;&#xE01;&#xE46; &#xE2A;&#xE39;&#xE48;&#xE22;&#xE38;&#xE27;&#xE01;&#xE29;&#xE31;&#xE15;&#xE23;&#xE34;&#xE22;&#xE4C; -- &#xE22;&#xE38;&#xE27;&#xE01;&#xE29;&#xE31;&#xE15;&#xE23;&#xE34;&#xE22;&#xE4C; -- &#xE17;&#xE35;&#xE48;&#xE42;&#xE25;&#xE0B;&#xE32;&#xE19;&#xE19;&#xE4C; 2478-2481 -- &#xE01;&#xE25;&#xE31;&#xE1A;&#xE40;&#xE21;&#xE37;&#xE2D;&#xE07;&#xE44;&#xE17;&#xE22; 2481 -- &#xE17;&#xE35;&#xE48;&#xE42;&#xE25;&#xE0B;&#xE32;&#xE19;&#xE19;&#xE4C; 2481-2488 -- &#xE01;&#xE25;&#xE31;&#xE1A;&#xE40;&#xE21;&#xE37;&#xE2D;&#xE07;&#xE44;&#xE17;&#xE22; 2488-2489 -- &#xE2A;&#xE48;&#xE07;&#xE17;&#xE49;&#xE32;&#xE22;.</subfield>
  </datafield>
  <datafield tag="600" ind1=" " ind2=" ">
    <subfield code="z">  </subfield>
  </datafield>
  <datafield tag="600" ind1="0" ind2="4">
    <subfield code="a">&#xE20;&#xE39;&#xE21;&#xE34;&#xE1E;&#xE25;&#xE2D;&#xE14;&#xE38;&#xE25;&#xE22;&#xE40;&#xE14;&#xE0A;&#xE21;&#xE2B;&#xE32;&#xE23;&#xE32;&#xE0A; &#xE1A;&#xE23;&#xE21;&#xE19;&#xE32;&#xE16;&#xE1A;&#xE1E;&#xE34;&#xE15;&#xE23;,  </subfield>
    <subfield code="c">&#xE1E;&#xE23;&#xE30;&#xE1A;&#xE32;&#xE17;&#xE2A;&#xE21;&#xE40;&#xE14;&#xE47;&#xE08;&#xE1E;&#xE23;&#xE30;&#xE2F;,</subfield>
    <subfield code="d">2470-2559</subfield>
    <subfield code="9">41405</subfield>
  </datafield>
  <datafield tag="600" ind1="0" ind2="4">
    <subfield code="a">&#xE2D;&#xE32;&#xE19;&#xE31;&#xE19;&#xE17;&#xE21;&#xE2B;&#xE34;&#xE14;&#xE25;, </subfield>
    <subfield code="c">&#xE1E;&#xE23;&#xE30;&#xE1A;&#xE32;&#xE17;&#xE2A;&#xE21;&#xE40;&#xE14;&#xE47;&#xE08;&#xE1E;&#xE23;&#xE30;&#xE40;&#xE08;&#xE49;&#xE32;&#xE2D;&#xE22;&#xE39;&#xE48;&#xE2B;&#xE31;&#xE27;, </subfield>
    <subfield code="d">2468-2489</subfield>
    <subfield code="9">3348</subfield>
  </datafield>
  <datafield tag="600" ind1="0" ind2="4">
    <subfield code="a">&#xE28;&#xE23;&#xE35;&#xE19;&#xE04;&#xE23;&#xE34;&#xE19;&#xE17;&#xE23;&#xE32;&#xE1A;&#xE23;&#xE21;&#xE23;&#xE32;&#xE0A;&#xE0A;&#xE19;&#xE19;&#xE35;, </subfield>
    <subfield code="c">&#xE2A;&#xE21;&#xE40;&#xE14;&#xE47;&#xE08;&#xE1E;&#xE23;&#xE30;, </subfield>
    <subfield code="d">2443-2538  </subfield>
    <subfield code="9">15369</subfield>
  </datafield>
  <datafield tag="600" ind1="0" ind2="4">
    <subfield code="a">&#xE21;&#xE2B;&#xE34;&#xE15;&#xE25;&#xE32;&#xE18;&#xE34;&#xE40;&#xE1A;&#xE28;&#xE23; &#xE2D;&#xE14;&#xE38;&#xE25;&#xE22;&#xE40;&#xE14;&#xE0A;&#xE27;&#xE34;&#xE01;&#xE23;&#xE21; &#xE1E;&#xE23;&#xE30;&#xE1A;&#xE23;&#xE21;&#xE23;&#xE32;&#xE0A;&#xE0A;&#xE19;&#xE01;,</subfield>
    <subfield code="c">&#xE2A;&#xE21;&#xE40;&#xE14;&#xE47;&#xE08;&#xE1E;&#xE23;&#xE30;,</subfield>
    <subfield code="d">2434-2472</subfield>
    <subfield code="9">17768</subfield>
  </datafield>
  <datafield tag="651" ind1=" " ind2="4">
    <subfield code="a">&#xE44;&#xE17;&#xE22; </subfield>
    <subfield code="x">&#xE01;&#xE29;&#xE31;&#xE15;&#xE23;&#xE34;&#xE22;&#xE4C;&#xE41;&#xE25;&#xE30;&#xE1C;&#xE39;&#xE49;&#xE04;&#xE23;&#xE2D;&#xE07;&#xE19;&#xE04;&#xE23;</subfield>
    <subfield code="9">65710</subfield>
  </datafield>
  <datafield tag="942" ind1=" " ind2=" ">
    <subfield code="2">lcc</subfield>
    <subfield code="c">GB</subfield>
  </datafield>
  <datafield tag="996" ind1=" " ind2=" ">
    <subfield code="a">jidapa.t</subfield>
    <subfield code="b">ACQSTF</subfield>
    <subfield code="c">2026-01-26</subfield>
  </datafield>
  <datafield tag="996" ind1=" " ind2=" ">
    <subfield code="a">varee.k</subfield>
    <subfield code="b">LIBSTF</subfield>
    <subfield code="c">2026-01-26</subfield>
  </datafield>
  <datafield tag="996" ind1=" " ind2=" ">
    <subfield code="a">saiphon.d</subfield>
    <subfield code="b">CATSTF	</subfield>
    <subfield code="c">2026-01-27</subfield>
  </datafield>
  <datafield tag="999" ind1=" " ind2=" ">
    <subfield code="c">107712</subfield>
    <subfield code="d">107712</subfield>
  </datafield>
  <datafield tag="998" ind1=" " ind2=" ">
    <subfield code="j">104</subfield>
    <subfield code="k"> &#xE19;&#xE32;&#xE07;&#xE2A;&#xE32;&#xE27;&#xE2A;&#xE32;&#xE22;&#xE1D;&#xE19;  &#xE14;&#xE35;&#xE07;&#xE32;&#xE21;</subfield>
  </datafield>
  <datafield tag="952" ind1=" " ind2=" ">
    <subfield code="0">0</subfield>
    <subfield code="1">0</subfield>
    <subfield code="2">lcc</subfield>
    <subfield code="4">0</subfield>
    <subfield code="7">0</subfield>
    <subfield code="8">CGBL</subfield>
    <subfield code="a">NALT</subfield>
    <subfield code="b">NALT</subfield>
    <subfield code="c">GEN</subfield>
    <subfield code="d">2026-01-26</subfield>
    <subfield code="e">&#xE2B;&#xE19;&#xE48;&#xE27;&#xE22;&#xE07;&#xE32;&#xE19;&#xE20;&#xE32;&#xE04;&#xE23;&#xE31;&#xE10;</subfield>
    <subfield code="l">0</subfield>
    <subfield code="o">DS 570.3 &#xE01;411&#xE08; 2568</subfield>
    <subfield code="p">3961216091</subfield>
    <subfield code="r">2026-01-26 00:00:00</subfield>
    <subfield code="t">&#xE09;.1</subfield>
    <subfield code="w">2026-01-26</subfield>
    <subfield code="y">GB</subfield>
  </datafield>
  <datafield tag="952" ind1=" " ind2=" ">
    <subfield code="0">0</subfield>
    <subfield code="1">0</subfield>
    <subfield code="2">lcc</subfield>
    <subfield code="4">0</subfield>
    <subfield code="7">0</subfield>
    <subfield code="8">CGBL</subfield>
    <subfield code="a">NALT</subfield>
    <subfield code="b">NALT</subfield>
    <subfield code="c">GEN</subfield>
    <subfield code="d">2026-01-26</subfield>
    <subfield code="e">&#xE2B;&#xE19;&#xE48;&#xE27;&#xE22;&#xE07;&#xE32;&#xE19;&#xE20;&#xE32;&#xE04;&#xE23;&#xE31;&#xE10;</subfield>
    <subfield code="l">0</subfield>
    <subfield code="o">DS 570.3 &#xE01;411&#xE08; 2568</subfield>
    <subfield code="p">3961216092</subfield>
    <subfield code="r">2026-01-26 00:00:00</subfield>
    <subfield code="t">&#xE09;.2</subfield>
    <subfield code="w">2026-01-26</subfield>
    <subfield code="y">GB</subfield>
  </datafield>
</record>
